<?xml version="1.0" encoding="UTF-8"?>
<record
    xmlns:xsi="http://www.w3.org/2001/XMLSchema-instance"
    xsi:schemaLocation="http://www.loc.gov/MARC21/slim http://www.loc.gov/standards/marcxml/schema/MARC21slim.xsd"
    xmlns="http://www.loc.gov/MARC21/slim">

  <leader>02128    a2200253   4500</leader>
  <controlfield tag="001">49817</controlfield>
  <controlfield tag="005">20260407155759.0</controlfield>
  <controlfield tag="008">260407a1995    arg                 spa d</controlfield>
  <controlfield tag="003">AR-UNSa-BCEJYS</controlfield>
  <datafield tag="040" ind1=" " ind2=" ">
    <subfield code="a">AR-UNSa-BCEJYS</subfield>
    <subfield code="b">spa</subfield>
    <subfield code="c">AR-UNSa-BCEJYS</subfield>
  </datafield>
  <datafield tag="080" ind1=" " ind2=" ">
    <subfield code="a">504.03</subfield>
    <subfield code="x">Aspectos sociales y socioecon&#xF3;micos del impacto del hombre sobre el medio ambiente. Ecolog&#xED;a social ( Econom&#xED;a ambiental)</subfield>
  </datafield>
  <datafield tag="245" ind1="1" ind2="0">
    <subfield code="a">Econom&#xED;a ambiental</subfield>
    <subfield code="p">una introducci&#xF3;n</subfield>
  </datafield>
  <datafield tag="020" ind1=" " ind2=" ">
    <subfield code="a">958-600-419-8</subfield>
  </datafield>
  <datafield tag="264" ind1=" " ind2="1">
    <subfield code="a">Bogot&#xE1; :</subfield>
    <subfield code="b">McGraw-Hill</subfield>
    <subfield code="c">1995</subfield>
  </datafield>
  <datafield tag="300" ind1=" " ind2=" ">
    <subfield code="a">xviii, 587 p.</subfield>
    <subfield code="c">23 cm.</subfield>
  </datafield>
  <datafield tag="505" ind1=" " ind2=" ">
    <subfield code="a">SECCI&#xD3;N I: Introductoria: &#xBF;Qu&#xE9; es la econom&#xED;a ambiental? - 2. La econom&#xED;a del ambiente - SECCI&#xD3;N II: Herramientas anal&#xED;ticas: 3. Beneficios y costos, oferta y demanda - 4. Eficiencia econ&#xF3;mica y mercados - 5. La econom&#xED;a de la calidad ambiental - SECCI&#xD3;N III: An&#xE1;lisis ambiental: 6. Marco conceptual de an&#xE1;lisis - 7. An&#xE1;lisis de costo-beneficio: Beneficios - 8. An&#xE1;lisis de Costo-Beneficio: Costos - SECCI&#xD3;N IV: An&#xE1;lisis de la pol&#xED;tica ambiental: 9. Criterios para evaluar las pol&#xED;ticas ambientales - 10. Pol&#xED;ticas descentralizadas - 11. Estrategias de regulaci&#xF3;n directa y control: El caso de los est&#xE1;ndares - 12. Estrategias basadas en incentivos: Impuestos y subsidios a las emisiones - 13. Estrategias basadas en incentivos: Permisos negociables de descargas - SECCI&#xD3;N V: La pol&#xED;tica ambiental en EEUU: 14. Pol&#xED;tica federal para el control de la contaminaci&#xF3;n de aguas - 15. Pol&#xED;tica federal para el control de la contaminaci&#xF3;n del aire - 16. Pol&#xED;tica federal sobre sustancias t&#xF3;xicas y peligrosas - 17. Asuntos ambientales a escala estatal y local - SECCI&#xD3;N VI: Asuntos ambientales en otros pa&#xED;ses industrializados - 19. Desarrollo econ&#xF3;mico y el ambiente - 20. El ambiente global - 21. Acuerdos ambientales internacionales. </subfield>
  </datafield>
  <datafield tag="041" ind1=" " ind2=" ">
    <subfield code="a">spa</subfield>
  </datafield>
  <datafield tag="942" ind1=" " ind2=" ">
    <subfield code="c">BK</subfield>
  </datafield>
  <datafield tag="590" ind1=" " ind2=" ">
    <subfield code="a">niveau_biblio:m niveau_hierar:0</subfield>
  </datafield>
  <datafield tag="100" ind1="1" ind2=" ">
    <subfield code="a">Field, Barry C.</subfield>
  </datafield>
  <datafield tag="700" ind1="1" ind2=" ">
    <subfield code="a">Cano, Leonardo</subfield>
  </datafield>
  <datafield tag="700" ind1="1" ind2=" ">
    <subfield code="a">C&#xE1;rdenas, Juan Camilo</subfield>
  </datafield>
  <datafield tag="856" ind1="4" ind2="1">
    <subfield code="u">https://www.biblioeco.unsa.edu.ar/pmb/images/libros/L128191.jpg</subfield>
    <subfield code="y">Imagen de portada</subfield>
    <subfield code="q">image/jpeg</subfield>
  </datafield>
  <datafield tag="999" ind1=" " ind2=" ">
    <subfield code="c">4888</subfield>
    <subfield code="d">4888</subfield>
  </datafield>
  <datafield tag="952" ind1=" " ind2=" ">
    <subfield code="0">0</subfield>
    <subfield code="1">0</subfield>
    <subfield code="4">0</subfield>
    <subfield code="7">0</subfield>
    <subfield code="a">BCEJYS</subfield>
    <subfield code="b">BCEJYS</subfield>
    <subfield code="c">16</subfield>
    <subfield code="d">2026-04-07</subfield>
    <subfield code="l">0</subfield>
    <subfield code="o">504.03 F453e</subfield>
    <subfield code="p">L128191</subfield>
    <subfield code="r">2026-04-07 15:57:59</subfield>
    <subfield code="w">2026-04-07</subfield>
    <subfield code="y">L</subfield>
  </datafield>
</record>
